Statistics for Best Selling PlayStation 2 Games

Click here to take the quiz!

General Stats

  • This quiz has been taken 38 times
  • The average score is 5 of 23

Answer Stats

How Many People Bought itGame% Correct
17 MillionGrand Theft Auto San Andreas
72%
9 MillionGrand Theft Auto Vice City
69%
7 MillionGrand Theft Auto 3
63%
4 MillionGod of War
50%
11 MillionGran Turismo 4
47%
6 MillionFinal Fantasy X
41%
4 MillionGod of War 2
34%
3 MillionNeed for Speed Underground
31%
3 MillionRatchet and Clank
22%
5 MillionKingdom Hearts
19%
6 MillionTekken 5
16%
4 MillionFinal Fantasy X-2
13%
5 MillionFinal Fantasy XII
13%
14 MillionGran Turismo 3 : A-spec
13%
3 MillionKingdom Hearts 2
13%
3 MillionMetal Gear Solid 3 Snake Eater
9%
7 MillionMetal Gear Solid 2 : Sons of Liberty
6%
4 MillionDragon Quest VIII: Journey of the Cursed King
3%
4 MillionJak and Daxter: The Precursor Legacy
3%
3 MillionMadden NFL 06
3%
4 MillionEyetoy:Play
0%
3 MillionMadden NFL 2004
0%
4 MillionMadden NFL 2005
0%

Score Distribution

Percentile by Number Answered

Percent of People with Each Score

Your Score History

You have not taken this quiz